000 00479nam a2200169Ia 4500
999 _c411
_d411
003 OSt
005 20210915125338.0
008 190216s9999||||xx |||||||||||||| ||und||
040 _coclc
082 _a297
_bANS/M
100 _aAl Ansari, Abdullah Ibn Ibrahim
_98748
245 0 _aMin Kuciluku Al Qur`An /
_cAbdullah Ibn Ibrahim Al Ansari
260 _bAl Huda Book Stall,
300 _a245p
650 _aArabic
942 _cBK
_2ddc
_h297
_iALA/M
_k297
_mALA/M